000 01132cam a22003257a 4500
003 CHAP
005 20220329141809.0
008 971013s1987 r 00010 d
010 _a73989
011 _a74961
035 _a84520
040 _cCHAP
090 _aTesis
100 0 0 _aCarlos García, Florinda.
_918987
245 0 _aAplicación e interpretación económica del dual de la programación lineal
_b: los problemas de transporte, dieta y producción
260 _aChapingo, Méx. :
_bEl autor,
_c1987
300 _a107 h.
502 _aTesis (M.C. Esp. en Economía Agrícola) -- CP. Centro de Economía
590 _aALEPH
_b10
_c20130110
_lUCH01
_h1417
590 _aBATCH-UPD
_b10
_c20130110
_lUCH01
_h0556
590 _aBATCH-UPD
_b10
_c20130410
_lUCH01
_h0238
590 _aBATCH-UPD
_b10
_c20130914
_lUCH01
_h0845
590 _aCONVERSION
_b10
_c20130109
_lUCH01
_h1340
650 1 4 _aProductos agrícolas
_xTransporte.
_992035
650 1 4 _aProgramación lineal.
_992371
901 _aBK
942 _cFOLL
949 _bBC
_cTES
_d-39890
_eTS1
_h19885
_i84520
_si
949 _bBC
_cTES
_d-39892
_eTS2
_fc.2
_h19886
_i84520
_si
999 _c73989
_d73989